000 00679nam a22002297a 4500
005 20170124110209.0
010 _aB-131604
020 _c160.00
035 _aB-131604
037 _bCen Lib/Ret
040 _aDPL
_bEN
082 _a000
_bLAL
100 _aLal, M.B.
_937886
245 _aNational talent search examination /
_cby M.B. Lal [and] T.S. Jain
260 _aAgra
_bUpkar Prakashan
_c2006
270 _bAgra
_a2/11A, swaseshi bima nagra
_e282002
300 _avarious pagings
_c21cm(Hb)
650 _aGeneralia
_93517
650 _aEntrance examination books (NTSE)
_937887
700 _aJain, T.S.
_937888
942 _2ddc
_cEN
_h000
_mLAL
999 _c133414
_d133414